Library Banner

Kiya Rabbilalameen? kiya Rahmatallilalameen? woh milta he (such ki pehchan se) = کیا ربالعالمین ہے؟ کیا رحمت للعالمین ہے؟ وہ ملتا ہے (سچ کی پہچان سے)/ (Record no. 109444)

MARC details
000 -LEADER
fixed length control field 00575nam a22001457a 4500
005 - DATE AND TIME OF LATEST TRANSACTION
control field 20181207094706.0
008 - FIXED-LENGTH DATA ELEMENTS--GENERAL INFORMATION
fixed length control field 181207b ||||| |||| 00| 0 eng d
040 ## - CATALOGING SOURCE
Transcribing agency PK-LaUMT
082 ## - DEWEY DECIMAL CLASSIFICATION NUMBER
Classification number 297.4
Item number MIA-K
100 ## - MAIN ENTRY--PERSONAL NAME
Personal name Mian G = میاں جی
245 ## - TITLE STATEMENT
Title Kiya Rabbilalameen? kiya Rahmatallilalameen? woh milta he (such ki pehchan se) = کیا ربالعالمین ہے؟ کیا رحمت للعالمین ہے؟ وہ ملتا ہے (سچ کی پہچان سے)/
Statement of responsibility, etc Mian G = میاں جی
260 ## - PUBLICATION, DISTRIBUTION, ETC. (IMPRINT)
Place of publication, distribution, etc Lahore :
Name of publisher, distributor, etc Nigharshat Publishers,
Date of publication, distribution, etc 2016
300 ## - PHYSICAL DESCRIPTION
Extent 256 p.
942 ## - ADDED ENTRY ELEMENTS (KOHA)
Koha item type Books
Holdings
Withdrawn status Lost status Damaged status Home library Current library Date acquired Full call number Barcode Date last seen Price effective from Koha item type
      UMT Main Campus UMT Main Campus 2018-12-07 297.4 MIA-K 124652 2019-03-11 2018-12-07 Books